LIBRARY & INFORMATION CENTRE, KCAET, TAVANUR

ONLINE PUBLIC ACCESS CATALOGUE (OPAC)

Technology of the metal trade / (Record no. 1613)

MARC details
000 -LEADER
fixed length control field 00538cam a2200217ua 4500
041 ## - LANGUAGE CODE
Language code of text/sound track or separate title eng
082 ## - DEWEY DECIMAL CLASSIFICATION NUMBER
Classification number 671
Item number APP/TE
100 ## - MAIN ENTRY--AUTHOR NAME
Personal name Appold, Hans .
245 ## - TITLE STATEMENT
Title Technology of the metal trade /
250 ## - EDITION STATEMENT
Edition statement 1 /
260 ## - PUBLICATION, DISTRIBUTION, ETC. (IMPRINT)
Place of publication New Delhi :
Name of publisher Wiley Eastern Ltd ,
Year of publication 1982.
300 ## - PHYSICAL DESCRIPTION
Number of Pages 357 ; .
700 1# - ADDED ENTRY--PERSONAL NAME
Personal name Feiler, Hurt .
700 1# - ADDED ENTRY--PERSONAL NAME
Personal name Reinhald, Alfred .
700 1# - ADDED ENTRY--PERSONAL NAME
Personal name Schmidt, Paul .
942 ## - ADDED ENTRY ELEMENTS (KOHA)
Koha item type Books
Holdings
Withdrawn status Lost status Damaged status Home library Current library Date acquired Full call number Accession Number Koha item type
      KAUAET KAUAET 07/04/2012 671 18583 Books
free website counter